000
00252nam a2200097Ia 4500
001
1075969
005
20250827002248.0
008
250824s9999 xx 000 0 und d
245
0
_a
MUHAMMED HAMİDULLAH
_c
ABDULKADİR MACİT
260
_b
KETEBE YAYINLARI
999
_c
1075969
_d
1075969